Word Ladder: Nighttime Visitor Quiz Stats

 Plays Quiz Updated Jun 23, 2019

Score 0/15 Timer 02:00
0 Plays Today
Hint 5-Letter Word % Correct
Winnie-the-Pooh’s favorite foodHONEY
98.3%
CurrencyMONEY
97.8%
Python or Hall, e.g.MONTY
94.9%
Milk's food groupDAIRY
93.3%
Like tattered jeansHOLEY
90.4%
Partner of 'Ivy' at ChristmasHOLLY
89.7%
A ___ of Sundays (a long time)MONTH
89.5%
Pixie relative• FAIRY •
89.4%
Hint 5-Letter Word % Correct
It’s often down on a mapSOUTH
82.5%
MawMOUTH
80.8%
Adjective for Trevor Noah’s showDAILY
80.2%
Wheeled transport toolDOLLY
78.5%
Play aroundDALLY
75.8%
Canine, for one• TOOTH •
72.9%
“Honest!”, to ShakespeareSOOTH
67.9%

Today's Daily Dose

You're not logged in!

Compare scores with friends on all Sporcle quizzes.
OR
Log In

Sporcle TV

Today on Sporcle TV


Watch our educational content, quiz creation guides, and fun videos on Sporcle TV.

Show Comments

Extras

Top Quizzes Today


Score Distribution

Your Account Isn't Verified!

In order to create a playlist on Sporcle, you need to verify the email address you used during registration. Go to your Sporcle Settings to finish the process.

Report this User

Report this user for behavior that violates our Community Guidelines.

Details: